Towards Making Semantic Web more Collaborative for Novice users / (Record no. 540901)

000 -LEADER
fixed length control field 00538nam a22001577a 4500
082 ## - DEWEY DECIMAL CLASSIFICATION NUMBER
Classification number 004
100 ## - MAIN ENTRY--PERSONAL NAME
Personal name Haider, Aqeel
245 ## - TITLE STATEMENT
Title Towards Making Semantic Web more Collaborative for Novice users /
Statement of responsibility, etc. Aqeel Haider
260 ## - PUBLICATION, DISTRIBUTION, ETC.
Place of publication, distribution, etc. Islamabad :
Name of publisher, distributor, etc. MCS - NUST,
Date of publication, distribution, etc. 2014.
300 ## - PHYSICAL DESCRIPTION
Extent 73 p. ;
Dimensions 30cm.
650 ## - SUBJECT ADDED ENTRY--TOPICAL TERM
Topical term or geographic name entry element MS-Computer Software Engineering-
700 ## - ADDED ENTRY--PERSONAL NAME
Personal name Supervisor. Arif Raza
856 ## - Uniform Resource Identifier
Uniform Resource Identifier <a href="http://10.250.8.41:8080/xmlui/handle/123456789/12281">http://10.250.8.41:8080/xmlui/handle/123456789/12281</a>
942 ## - ADDED ENTRY ELEMENTS (KOHA)
Source of classification or shelving scheme
Koha item type Soft Copy
650 ## - SUBJECT ADDED ENTRY--TOPICAL TERM
-- 29291
700 ## - ADDED ENTRY--PERSONAL NAME
-- 126554
Holdings
Withdrawn status Lost status Source of classification or shelving scheme Damaged status Not for loan Permanent Location Current Location Shelving location Date acquired Full call number Barcode Date last seen Price effective from Koha item type
          Central Library (CL) Central Library (CL) Thesis 11/12/2020 200 CL-T-1275 11/12/2020 11/12/2020 Thesis
          Central Library (CL) Central Library (CL) Thesis 11/16/2020 200 CL-T-6463 11/16/2020 11/16/2020 Thesis
© 2023 Central Library, National University of Sciences and Technology. All Rights Reserved.